Taxmanns direct taxes ready reckoner: assessment year 2018-19 and 2019-20 Ed 41 (Record no. 169298)
[ view plain ]
| 000 -LEADER | |
|---|---|
| fixed length control field | 00730nam a2200229Ia 4500 |
| 003 - CONTROL NUMBER IDENTIFIER | |
| control field | OSt |
| 005 - DATE AND TIME OF LATEST TRANSACTION | |
| control field | 20230613152505.0 |
| 008 - FIXED-LENGTH DATA ELEMENTS--GENERAL INFORMATION | |
| fixed length control field | 210423s2018 xx 000 0 und d |
| 020 ## - INTERNATIONAL STANDARD BOOK NUMBER | |
| International Standard Book Number | 978-93-87702-50-9 |
| 040 ## - CATALOGING SOURCE | |
| Transcribing agency | AL |
| 041 ## - LANGUAGE CODE | |
| Language code of text/sound track or separate title | eng |
| 082 ## - DEWEY DECIMAL CLASSIFICATION NUMBER | |
| Classification number | 657.46 |
| Edition number | 23 |
| Item number | SINT |
| 100 ## - MAIN ENTRY--PERSONAL NAME | |
| Personal name | SINGHANIA (Vinod K);SINGHANIA (Jeewan) |
| 9 (RLIN) | 84347 |
| 245 ## - TITLE STATEMENT | |
| Title | Taxmanns direct taxes ready reckoner: assessment year 2018-19 and 2019-20 Ed 41 |
| 250 ## - EDITION STATEMENT | |
| Edition statement | 41 |
| 260 ## - PUBLICATION, DISTRIBUTION, ETC. | |
| Place of publication, distribution, etc. | New Delhi |
| Name of publisher, distributor, etc. | Taxmann Publications Pvt Ltd |
| Date of publication, distribution, etc. | 2018 |
| 300 ## - PHYSICAL DESCRIPTION | |
| Extent | 228,B-61,C-1,D-13 |
| Other physical details | PB |
| 365 ## - TRADE PRICE | |
| Price amount | 1075 |
| Currency code | INR |
| 650 ## - SUBJECT ADDED ENTRY--TOPICAL TERM | |
| Topical term or geographic name entry element | Income Tax |
| 9 (RLIN) | 84348 |
| 906 ## - LOCAL DATA ELEMENT F, LDF (RLIN) | |
| a | 2018-19 ; 2019-20 ; 41 ; assessment ; direct ; ready ; reckoner: ; taxes ; Taxmanns ; year |
| 942 ## - ADDED ENTRY ELEMENTS (KOHA) | |
| Source of classification or shelving scheme | Dewey Decimal Classification |
| Koha item type | Book |
| Withdrawn status | Lost status | Damaged status | Not for loan | Collection code | Home library | Current library | Date acquired | Source of acquisition | Cost, normal purchase price | Total Checkouts | Full call number | Barcode | Date last seen | Price effective from | Koha item type | Date last checked out |
|---|---|---|---|---|---|---|---|---|---|---|---|---|---|---|---|---|
| M Com | St Aloysius PG Library | St Aloysius PG Library | 08/21/2018 | Biblios Book Point | 1075.00 | 657.46 SINT | PG015800 | 08/24/2022 | 04/26/2021 | Book | ||||||
| M Com | St Aloysius PG Library | St Aloysius PG Library | 08/21/2018 | Biblios Book Point | 1075.00 | 1 | 657.46 SINT | PG015801 | 08/24/2022 | 04/26/2021 | Book | 02/21/2022 | ||||
| M Com | St Aloysius PG Library | St Aloysius PG Library | 08/21/2018 | Biblios Book Point | 1075.00 | 657.46 SINT | PG015802 | 08/24/2022 | 04/26/2021 | Book | ||||||
| M Com | St Aloysius PG Library | St Aloysius PG Library | 08/21/2018 | Biblios Book Point | 1075.00 | 657.46 SINT | PG015803 | 08/24/2022 | 04/26/2021 | Book | ||||||
| M Com | St Aloysius PG Library | St Aloysius PG Library | 08/21/2018 | Biblios Book Point | 1075.00 | 657.46 SINT | PG015804 | 08/24/2022 | 04/26/2021 | Book |